Detalles MARC
| 000 -ENCABEZADO |
| Número de control [NR] |
02313nam a2200253Ia 4500 |
| 008 - DE LONGITUD FIJA DE DATOS DE ELEMENTOS - INFORMACIÓN GENERAL |
| Elementos de longitud fija [NR] |
130821s2004 xxu gs eng |
| 040 ## - FUENTE DE CATALOGACION [NR] |
| Agencia de catalogación original [NR] |
Co-BoUCM |
| Idioma de catalogación [NR] |
spa |
| 041 00 - CODIGO DE IDIOMA [R] |
| Código de idioma para texto/pista de sonido o título separado [R] |
Inglés |
| 092 ## - SIGNATURA TOPOGRAFICA LOCAL |
| Número de clasificación local |
DVD 0658 |
| 245 04 - MENCION DE TITULO [NR] |
| Título [NR] |
The sea inside |
| Mención de responsabilidad, etc. [NR] |
[DVD] |
| -- |
Director Alejandro Amenàbar |
| 260 ## - PUBLICACION, DISTRIBUCION, ETC. (PIE DE IMPRENTA) [R] |
| Lugar de publicación, distribución, etc. [R] |
Washington D.C. (Estados Unidos) |
| Nombre del editor, distribuidor, etc. [R] |
Sogecine / Himenóptero / UGC Images / Eyescreen |
| Fecha de publicación, distribución, etc. [R] |
2004 |
| 300 ## - DESCRIPCION FISICA [R] |
| Extensión [R] |
1 DVD |
| 508 ## - NOTA DE CREDITOS DE CREACION/PRODUCCION [R] |
| Nota de créditos de creación/producción [NR] |
DIRECTOR Alejandro Amenábar ; GUIÓN Alejandro Amenábar, Mateo Gil ; FOTOGRAFÍA Javier Aguirresarobe |
| 511 ## - NOTA DE PARTICIPANTE O INTERPRETE [R] |
| Nota de participante o intérprete [NR] |
Javier Bardem, Belén Rueda, Lola Dueñas, Mabel Rivera, Clara Segura, Joan Dalmau, Tamar Novas, Jose María Pou, Celso Bugallo, Frances Garrido |
| 520 ## - NOTA DE RESUMEN, ETC. [R] |
| Nota de sumario, etc. [NR] |
Ramón (Javier Bardem) lleva casi treinta años postrado en una cama al cuidado de su familia. Su única ventana al mundo es la de su habitación, que da al mar, donde sufrió el accidente que interrumpió su juventud. Desde entonces, su único deseo es terminar con su vida dignamente. La llegada de dos mujeres alterará su mundo: Julia (Belén Rueda), la abogada que quiere apoyar su lucha, y Rosa (Lola Dueñas), una vecina que intenta convencerlo de que vivir merece la pena. Ambas, cautivadas por la luminosa personalidad de Ramón, tendrán que replantearse, a partir de ahora, los principios que rigen sus vidas. Él sabe que sólo quien de verdad le ame le ayudará a emprender el último viaje. |
| 546 ## - NOTA DE IDIOMA [R] |
| Nota de idioma [NR] |
Audio inglés y español ; subtítulos inglés y español |
| 586 ## - NOTA DE PREMIOS [R] |
| Nota de premios [NR] |
2004: Oscar: Mejor película habla no inglesa. 2 nominaciones 2004: Globo de Oro Mejor Película habla no inglesa. 2 nominaciones 2004: 14 Premios Goya, incluyendo mejor película, director, actor. 15 nominaciones 2004: Venecia: León de Plata (Premio Especial del Jurado). Copa Volpi al mejor actor (Bardem) 2004: Premios del Cine Europeo: Mejor Director, Mejor Actor (Bardem) 2004: Nominada al César: Mejor película extranjera 2004: David de Donatello: Mejor película europea 2004: National Board of Review: Mejor película extranjera |
| 650 04 - ASIENTO SECUNDARIO DE MATERIA - TERMINO TEMATICO [R] |
| Término temático o nombre geográfico como elemento de entrada [NR] |
Amor en el cine |
| 9 (RLIN) |
8920 |
| 650 04 - ASIENTO SECUNDARIO DE MATERIA - TERMINO TEMATICO [R] |
| Término temático o nombre geográfico como elemento de entrada [NR] |
Entretenimiento |
| 9 (RLIN) |
26487 |
| 650 04 - ASIENTO SECUNDARIO DE MATERIA - TERMINO TEMATICO [R] |
| Término temático o nombre geográfico como elemento de entrada [NR] |
Eutanasia |
| Subdivisión general [R] |
Cine |
| Subdivisión de forma [R] |
DVD |
| 9 (RLIN) |
15302 |
| 650 04 - ASIENTO SECUNDARIO DE MATERIA - TERMINO TEMATICO [R] |
| Término temático o nombre geográfico como elemento de entrada [NR] |
Muerte |
| Subdivisión general [R] |
Cine |
| Subdivisión de forma [R] |
DVD |
| 9 (RLIN) |
19861 |
| 856 04 - LOCALIZACION Y ACCESO ELECTRONICOS [R] |
| Identificador Uniforme del Recurso (“URI”) [R] |
<a href="http://www.youtube.com/watch?v=PxXb_YZ-CQI">http://www.youtube.com/watch?v=PxXb_YZ-CQI</a> |
| Nota dirigida al público [R] |
Siga este vínculo para ver el trailer. |
| 942 ## - ELEMENTOS DE ENTRADA AGREGADOS (KOHA) |
| Tipo de ítem principal el descrito en 300a |
Multimedia |
| Sistema de clasificación |
LOCAL |
| Tema principal |
Entretenimiento |
| Edición |
1 |